000 00760nam a2200205 a 4500
001 0982
005 20140414132144.0
008 041008s19uu xx 00 eng d
020 _a0-439-08136-X
050 _aKIT (SER) 507
_bSc1 1999
245 _aScience literacy center: Scaffolding strategies :
_b(for second-language learners).
260 _aNew York :
_bScholastic Inc.,
_c1999.
300 _a30 p. ; ill.
440 _aScience emergent readers
500 _aSET A: Insects and spiders-Animal Homes--Polar Regions--Amazon Rainforest--Weather--Trees.
520 _aThis guide helps you organize and implement an effective science curriculum.
650 _aScience
_xStudy and teaching
650 _aScience
_xJuvenile literature.
999 _c115394
_d115394